Countries with prisons too full - Statistics

General Stats
  • This quiz has been taken 39 times
  • The average score is 11 of 23
Answer Stats
Occupancy Country hint % Correct
215.2% El Salvador N.America
76%
454.4% Haiti N.America
68%
241.3% Peru S.America
68%
255.3% Sudan Africa
68%
616.9% Congo, Republic of Africa
65%
372% Guatemala N.America
65%
204% Honduras N.America
65%
363.9% Bolivia S.America
59%
223.3% Mali Africa
56%
200.9% Malawi Africa
53%
232.3% Chad Africa
47%
210.7% Mozambique Africa
47%
257% Burundi Africa
44%
222.1% Liberia Africa
44%
463.6% Philippines Asia
44%
319.2% Uganda Africa
44%
303% Zambia Africa
44%
237.4% Madagascar Africa
35%
220.2% Sierra Leone Africa
35%
233.8% Grenada N.America
32%
215.1% Bangladesh Asia
24%
206.1% Cambodia Asia
24%
286.6% Lebanon Asia
12%
No matching quizzes found
Score Distribution
Percent of People with Each Score
Percentile by Number Answered
Your Score History
You have not taken this quiz